007090000a22002650004500650001100000650002200011650002400033650003000057650001100087650001800098650001100116650001500127651001000142082002100152518001100173530000600184100002500190100001900215100001500234245012000249260004300369260000900412041000800421300001400429 aCastes aSocial conditions aEconomic conditions aSocio-economic indicators aTribes aEthnic groups aHealth aSanitation aNepal a301.44bSh23mcN a960516 aM aSharma, Khagendra N. aChhetri, Gyanu aRana, Sita aA modest study of the current socio-economic situation of the lowest status caste and tribal communication in Nepal aKathmandubSave the Children US, Nepal c1994 aEng avii,101p.